Секрет потерянного королевства. [Ч.] 4: Каменный великан (Запись № 913956)

Подробности
000 -МАРКЕР
контрольное поле 01444nam2a2200289 4500
001 - ИДЕНТИФИКАТОР ЗАПИСИ
контрольное поле RU\NLR\bibl\1658411
005 - ИДЕНТИФИКАТОР ВЕРСИИ
контрольное поле 20260405101514.0
010 ## - МЕЖДУНАРОДНЫЙ СТАНДАРТНЫЙ НОМЕР КНИГИ (ISBN)
Номер (ISBN) 978-5-9539-4585-1
Тираж 20000
021 ## - НОМЕР ГОСУДАРСТВЕННОЙ РЕГИСТРАЦИИ
Код страны Российская Федерация
Номер 2010-47814
Номер Листа государственной регистраци 3174
035 ## - ДРУГИЕ СИСТЕМНЫЕ НОМЕРА
Идентификатор записи (NLR Aleph) 001649709
100 ## - ДАННЫЕ ОБЩЕЙ ОБРАБОТКИ
Данные общей обработки 20100726d2010 |||y0rusy50 ca
101 1# - ЯЗЫК РЕСУРСА
Язык текста, звукозаписи и т.д. русский
Язык оригинала итальянский
102 ## - СТРАНА ПУБЛИКАЦИИ ИЛИ ПРОИЗВОДСТВА
Страна публикации Российская Федерация
105 ## - ПОЛЕ КОДИРОВАННЫХ ДАННЫХ: ТЕКСТОВЫЕ МАТЕРИАЛЫ, МОНОГРАФИЧЕСКИЕ
Кодированные данные о монографическом текстовом документе a |||||||||
200 1# - ЗАГЛАВИЕ И СВЕДЕНИЯ ОБ ОТВЕТСТВЕННОСТИ
Основное заглавие Каменный великан
Первые сведения об ответственности [пер. с итал. Елены Дмитриевой]
210 ## - ПУБЛИКАЦИЯ, РАСПРОСТРАНЕНИЕ И ДР.
Дата издания, распространения и т.д. 2010
Место издания, распространения и т.д. Б. м.
215 ## - ФИЗИЧЕСКАЯ ХАРАКТЕРИСТИКА
Специфическое обозначение материала и объем 95 с.
Другие сведения о физической характеристике цв. ил.
300 ## - ОБЩИЕ ПРИМЕЧАНИЯ
Текст примечания Назв. на яз. ориг.: Un gigante di pietra
454 #0 - ОРИГИНАЛ (ПЕРЕВОДА)
Встроенное поле 2001#$aUn gigante di pietra
Заглавие Un gigante di pietra
461 #0 - УРОВЕНЬ НАБОРА
Встроенное поле 001RU\NLR\bibl\1660295
-- 2001#$aСекрет потерянного королевства$v[Ч.] 4
Системный номер (АБИС) связанной записи 925219
Место публикации Москва
Дата публикации 2010
Первые сведения об ответственности пер. с итал. Елены Сайгафаровой]
Имя издателя, распространителя и т.д. Эгмонт Россия Лтд.
Сведения, относящиеся к заглавию по мультфильму Иджинио Страффи : [для детей среднего и старшего школьного возраста : в 10 ч.
Заглавие Секрет потерянного королевства
ISBN 978-5-9539-4590-5
Номер тома [Ч.] 4
702 #1 - ИМЯ ЛИЦА - ВТОРИЧНАЯ ОТВЕТСТВЕННОСТЬ
Код отношения Переводчик
Графика поля Кириллица
Материалы, к которым относится поле rus
Начальный элемент ввода Дмитриева
Часть имени, кроме начального элемента ввода Е. А.
Дополнения к именам, кроме дат писатель
Даты 1964-
Расширение инициалов личного имени Елена Анатольевна
Системный номер авторитетной/нормативной записи 20407
Идентификатор авторитетной/нормативной записи RU\NLR\auth\7737418
801 #0 - ИСТОЧНИК ЗАПИСИ
Страна Российская Федерация
Организация NLR
Дата составления 20100726
Правила каталогизации RCR
801 #1 - ИСТОЧНИК ЗАПИСИ
Страна Российская Федерация
Организация NLR
Дата составления 20100726
942 ## - ДОПОЛНИТЕЛЬНЫЕ ЭЛЕМЕНТЫ ЗАПИСИ (АБИС)
Тип экземпляра АБИС Книга
980 ## - КОЛЛЕКЦИЯ
Название коллекции Национальная библиография
Экземпляры
Тип экземпляра Дата поступления Источник поступления Библиотека постоянного хранения Библиотека текущего хранения Место хранения Шифр хранения Штрих-код Статус экземпляра
Книга 26.07.2010 Обязательный экземпляр РНБ (Московский) РНБ (Московский) Русский книжный фонд: издания с 1957 года 2010-6/1091 3219375  
Книга 26.07.2010 Обязательный экземпляр РНБ (Московский) РНБ (Московский) Обменный фонд   3219376